000 00926naa a22002657a 4500
001 BR5500025
003 BR-BrBNA
005 20250709164559.0
007 ta
008 250630b bl.|||m| |||| 00| 0 por d
040 _aBR-BrBNA
_bpor
_cBiblioteca Nacional de Agricultura
041 _a(Pt)
072 _aF00; E70
_b0329
_b9500
_bG514
090 _aF00 BR5500025
100 1 _aMartinenghi, G.B.
245 1 _aEstudos para o aproveitamento racional da gordura de ucuuba, 1: Ensaios orientadores tecnologicos sobre a gordura de ucuuba no comercio [Brasil]
500 _aTecnologia. Relatorios - 1953 Rio de Janeiro, GB (Brasil): 1955. p. 69-83 [Summary (Pt)] (BR5500025-AMS)
650 _aProducao vegetal
650 _aComercializacao
650 _aUcuuba
650 _aGordura vegetal
490 _aBoletim - Instituto de Oleos (Brazil)
_vno. 13
942 _cAMS
_2AGRIS
909 _a202506
_bLúcia
_c55
_dLúcia Elande
999 _c332515
_d332515